00383nam a2200121Ia 450000500170000000800410001708200230005824500410008126000550012230000140017750000440019170000260023520250307032302.0240331s9999 xx 000 0 und d bVEL24445a894.811 0aVelippaduthal:bPengalin Kavithaikal aBatticaloa,bSuriya Women Development Centerc2001 ax, 50 p., aA collection of poems written by women. aThalayasingam, Jeedt